Skoki narciarskie - liderzy PŚ 2016/2017 - Statystyki

Ogólne statystyki
  • Ten quiz został rozwiązany 98 razy
  • Średni wynik to 6 z 7
Statystyki odpowiedzi
Konkursy Zawodnik % Poprawnych
22-koniec Stefan Kraft
97%
12-21 Kamil Stoch
94%
1 Domen Prevc
85%
3-9 Domen Prevc
83%
10 Daniel Andre Tande
69%
2 Severin Freund
65%
11 Domen Prevc
62%
Nie znaleziono quizów pasujących do podanych kryteriów
Rozkład punktacji
Procent ludzi z każdym wynikiem
Percentyl według liczby udzielonych odpowiedzi
Twoja historia wyników
Nie rozwiązałeś tego quizu